Facets of Indian modernity: Realm of possibilities (Record no. 516691)

000 -LEADER
fixed length control field 01197nam a22001577a 4500
008 - FIXED-LENGTH DATA ELEMENTS--GENERAL INFORMATION
fixed length control field 210310b ||||| |||| 00| 0 eng d
100 ## - MAIN ENTRY--PERSONAL NAME
Personal name Kumar, Dilip
245 ## - TITLE STATEMENT
Title Facets of Indian modernity: Realm of possibilities
260 ## - PUBLICATION, DISTRIBUTION, ETC. (IMPRINT)
Place of publication, distribution, etc Bihar Journal of Public Administration
300 ## - PHYSICAL DESCRIPTION
Extent 17(1), Jan-June, 2020: p.206-215
520 ## - SUMMARY, ETC.
Summary, etc Modernity is invariably related to the spirit of freedom. This freedom is rooted in the critical consciousness that it generates. There is nothing which is beyond critical examination. Instead, everything – including the most sacred-has to be observed, verified and interrogated. No wonder, this fundamental Enlightenment spirit which was evolved through the historic Renaissance and Reformation, broke the static/taken for granted world: a world often legitimated by social customs, religious sanctions and an institutionalized divine order. As such the present paper examines the phenomena of modernity in context Indian traditions and thoughts. – Reproduced
650 ## - SUBJECT ADDED ENTRY--TOPICAL TERM
Topical term or geographic name as entry element Modernity, National struggle, Gandhi, Ambedkar, Aurobindo, Nehru, India
9 (RLIN) 23256
773 ## - HOST ITEM ENTRY
Main entry heading Bihar Journal of Public Administration
906 ## - LOCAL DATA ELEMENT F, LDF (RLIN)
Subject DIP MODERNITY
942 ## - ADDED ENTRY ELEMENTS (KOHA)
Item type Articles
Holdings
Withdrawn status Lost status Source of classification or shelving scheme Damaged status Not for loan Permanent location Current location Date acquired Serial Enumeration / chronology Barcode Date last seen Koha item type
          Indian Institute of Public Administration Indian Institute of Public Administration 2021-03-10 17(1), Jan-June, 2020: p.206-215 AR124501 2021-03-10 Articles

Powered by Koha